XVa Feria Oficial e Internacional de Muestras de Barcelona : catálogo oficial catálogo oficial
Descripción Física:
503 p. ; 22 cm
Materias:
Fira de Barcelona
MARC
| LEADER | 00000nam a2200000Ia 4500 | ||
|---|---|---|---|
| 001 | 21949 | ||
| 008 | 160829s1947 xx 000 0 cat d | ||
| 080 | |a B-2-196 | ||
| 245 | |a XVa Feria Oficial e Internacional de Muestras de Barcelona : |b catálogo oficial | ||
| 260 | |a Barcelona : |b Tipografía Académica de Herederos de Serra y Russell, |c 1947 | ||
| 300 | |a 503 p. ; |c 22 cm | ||
| 590 | |a Després del títol: del 10 al 25 de junio de 1947, Palacios y Jardines de Motnjuich. | ||
| 590 | |a Inclou els plànols del recinte firal. | ||
| 590 | |a Prové de 2556, exp. 1 | ||
| 650 | |a Fira de Barcelona | ||
| 710 | 2 | |a Fira de Barcelona |9 55121 | |
| 901 | |a Arxiu | ||
| 942 | |n 1 | ||
| 952 | |0 0 |1 0 |4 0 |6 B2196 |7 1 |9 53625 |a Arxiu |b Arxiu |d 2016-12-01 |l 0 |o B-2-196 |p 21949 |r 2016-12-01 00:00:00 |w 2016-12-01 |y ARXIU | ||
| 999 | |c 57491 |d 57491 | ||